| 000 | 00501nam a2200169 a 4500 | ||
|---|---|---|---|
| 001 | 000022516 | ||
| 005 | 20200930021642.0 | ||
| 008 | 100226s1963 bl 000 0 spa d | ||
| 040 |
_aDO-SdBNP _bspa _cBNPHU |
||
| 082 |
_axxx _bZ12d |
||
| 100 | 1 |
_azavala, Silvio _946363 |
|
| 245 | 1 | 0 |
_aLa defensa de los derechos del hombre en América Latina / _cSilvio Zavala. |
| 260 |
_aBélgica : _bUnesco, _c1963. |
||
| 300 |
_a63 p. ; _c23 cm,. |
||
| 500 | _aIncluye notas al pie de las páginas | ||
| 049 | _aBNPD | ||
| 999 |
_c22014 _d22014 |
||